00446pab a2200145 454500008004000000100001800040245009300058260000900151300001400160362001200174650003500186650002700221700001900248773003300267180718b2003 xxu||||| |||| 00| 0 eng d aSinha, Sanjay aMicrofinance and the poverty of financial services: a perspective from Indian experience c2003 ap.301-18. aJul-Dec aFinancial institutions - India aFinancial institutions aPatole, Meenal aSouth Asian Economic Journal